Stalactite & Stalagmite : a big tale from a little cave /

Two little mineral piles, Stalactite and Stalagmite, foster a friendship over millions of years as they grow closer together, figuratively and literally.

Bibliographic Details
Main Author: Beckmeyer, Drew (Author, Illustrator)
Corporate Author: Atheneum Books for Young Readers
Format: Book
Language:English
Published: New York, New York : Atheneum Books for Young Readers, an imprint of Simon & Schuster Children's Publishing Division, [2025]
Edition:First edition.
Subjects:

MARC

Tag First Indicator Second Indicator Subfields
LEADER 00000cam a2200000 i 4500
001 in00005778530
003 OCoLC
005 20260331140121.5
007 ta
008 240109t20252025nyua b 000 1 eng
010 |a  2023058302 
024 8 |a 40033087638 
040 |a DLC  |b eng  |e rda  |c DLC  |d OCLCO  |d BDX  |d IG#  |d CHILD  |d OCLCO  |d BRL  |d LJW  |d ILC  |d JQW  |d MWD  |d TOH  |d UIU  |d IAI  |d UKMGB  |d EHH  |d IAI  |d RB0  |d SDD  |d OCLCQ  |d OCLCL  |d CLE  |d OCLCO  |d ZGR  |d BGU  |d IAZ  |d CLO  |d YDX 
019 |a 1438666010  |a 1493069068 
020 |a 9781665926638  |q (hardcover) 
020 |a 1665926635  |q (hardcover) 
020 |z 9781665926645  |q (ebook) 
035 |a (OCoLC)1416963901  |z (OCoLC)1438666010  |z (OCoLC)1493069068 
042 |a pcc 
050 0 0 |a PZ7.1.B4349  |b St 2025 
082 0 0 |a [E]  |2 23 
100 1 |a Beckmeyer, Drew,  |e author,  |e illustrator.  |1 https://id.oclc.org/worldcat/entity/E39PCjJKDTwfbVychfgWGfDpKb 
245 1 0 |a Stalactite & Stalagmite :  |b a big tale from a little cave /  |c Drew Beckmeyer. 
246 3 |a Stalactite and Stalagmite 
246 3 0 |a Big tale from a little cave 
250 |a First edition. 
263 |a 2503 
264 1 |a New York, New York :  |b Atheneum Books for Young Readers, an imprint of Simon & Schuster Children's Publishing Division,  |c [2025] 
264 4 |c ©2025 
300 |a 1 volume (unpaged) :  |b color illustrations ;  |c 32 cm 
336 |a text  |b txt  |2 rdacontent 
336 |a still image  |b sti  |2 rdacontent 
337 |a unmediated  |b n  |2 rdamedia 
338 |a volume  |b nc  |2 rdacarrier 
520 |a Two little mineral piles, Stalactite and Stalagmite, foster a friendship over millions of years as they grow closer together, figuratively and literally. 
521 |a Ages 4-8.  |b Atheneum Books for Young Readers. 
521 |a Grades: PreS-3.  |b Atheneum Books for Young Readers. 
500 |a Illustrations rendered in mixed media. 
586 |a Caldecott Honors, 2026 
650 0 |a Caves  |v Juvenile fiction. 
650 0 |a Stalactites and stalagmites  |v Juvenile fiction. 
650 0 |a Friendship  |v Juvenile fiction. 
650 1 |a Caves  |v Fiction. 
650 1 |a Stalactites and stalagmites  |v Fiction. 
650 1 |a Friendship  |v Fiction. 
650 6 |a Amitié  |v Romans, nouvelles, etc. pour la jeunesse. 
650 6 |a Stalactites et stalagmites  |v Romans, nouvelles, etc. pour la jeunesse. 
650 7 |a JUVENILE FICTION / Social Themes / Friendship.  |2 bisacsh 
650 7 |a JUVENILE FICTION / Nature & the Natural World / General.  |2 bisacsh 
650 7 |a Caves  |v Juvenile fiction.  |2 sears 
650 7 |a Friendship  |v Juvenile fiction.  |2 sears 
655 0 |a Picture books for children. 
655 7 |a Children's stories  |v Pictorial works.  |2 gsafd 
655 7 |a Picture books.  |2 lcgft 
710 2 |a Atheneum Books for Young Readers.  |1 https://id.oclc.org/worldcat/entity/E39QH7JmthHDFpbvwBgQpH6TTR 
710 2 |a Simon and Schuster, Inc.  |b Children's Publishing Division,  |e publisher. 
945 |b 699554 
947 |a A14852274589 
980 |b print  |c 40033087638  |g 565712  |k USD  |m 17.99  |q 1  |s AcqMono Conventional  |t Approval plan  |u Vendor order reference number  |v ZYBP  |y Print approval  |z Physical resource 
999 f f |i f4a34675-9de4-4a97-9698-b4b80fa95acb  |s 9bcb7b13-5e41-4592-8bf6-8de9ead3a5b8  |t 0 
952 f f |p newbook  |a Texas A&M University  |b College Station  |c Sterling C. Evans Library  |s Evans nbs  |d Evans: New Book Shelves (1st floor)  |t 0  |e PZ7.1.B4349 St 2025  |h Library of Congress classification  |i unmediated -- volume  |m A14852274589 
998 f f |a PZ7.1.B4349 St 2025  |t 0  |l Evans: Curriculum Collection (4th floor)